1098 1787 1030 1284 1992 1501 1069 1150 1599 1063 1139 1602 1421 1516 1869 1778 1330 1179 1393 1980 1659 1392 1946 1585 1044 1845 1542 1665 1299 1478 1610 1135 1820 1300 1779 1596 1760 1166 1531 1250 1399 1759 1542 1903 1605 1009 1636 1154 1460 1667 1734 1677 1251 1199 1595 1357 1546 1935 1540 1929 1218 1360 1082 1309 1968 1782 1239 1195 1301 1272 1846 1890 1747 1478 1662 1432 1345 1734 1306 1971 1018 1976 1209 1748 1566 1407 1651 1803 1122 1684 1688 1664 1909 1460 1439 1488 1182 1715 1634 BCNSPRNW ULIB Ver.6.0+V

เปลี่ยนเป็นภาษาไทย

Change to English
 แสดงรายละเอียดบรรณานุกรม
  กลับหน้าหลัก

Brief Record : Get Marc (ISO 2709) : E-mail record : QR code < ปิดหน้าต่าง
LEADER : 00000nam 2200000uu 4500
001    13399113531
003     ULIB
008    111124s2551||||th 000 0 tha d
020    ^a9789740417378
090    ^aนว.^bย111ค 2551
100 0  ^aYayoi
245 00 ^aฝากฟ้าเคียงดิน/^cYayoi
250    ^aพิมพ์ครั้งที่ 2
260    ^aกรุงเทพฯ :^bแจ่มใส
300    ^a303 หน้า
710 1  ^aแจ่มใส
945    ^p209^l0^i15027
995    ^aกัณชพร
999    ^aใช้งานได้ทุกระบบ
รายการนี้ยังไม่มีแท็ก
คุณยังไม่ได้ล็อกอิน คุณสามารถมีกิจกรรมร่วมกับเว็บไซต์ได้ แต่ต้องล็อกอินก่อน ::
  ล็อกอิน

รายการสื่อสารสนเทศ

ลำดับที่ ประเภท เลขเรียก/บาร์โค้ด สถานที่ สถานะ
1. วิทยาศาสตร์การแพทย์ และสุขภาพ
วิทยาศาสตร์การแพทย์ และสุขภาพ
นว. ย111ค 2551  
  Barcode: 15027
ห้องสมุดวิทยาเขตสวรรค์ประชารักษ์
►นวนิยาย
บนชั้น
  ขอยืม

รายการใกล้เคียง
    ผู้แต่ง [Yayoi]

BibComment


ยังไม่เคยถูกคอมเมนท์

คอมเมนท์ทรัพยากรรายการนี้
  คอมเมนท์: ฝากฟ้าเคียงดิน Y..


 Copyright 2026. Bcnsprnw @Library